| 000 | 01076nam a2200301 i 4500 | ||
|---|---|---|---|
| 003 | EG-GICUC | ||
| 005 | 20260307183257.0 | ||
| 008 | 260304s2004 ua ||||fr|||| 00| 0 fre d | ||
| 040 |
_aEG-GiCUC _bfre _cEG-GiCUC _dEG-GiCUC _eRda |
||
| 041 | _afre | ||
| 082 | 0 | 4 |
_221 _a341.511 _bMO.C |
| 092 | 0 | 4 | _221 |
| 099 | _aLaw1 11 341.511 MO.C 2004 | ||
| 100 | 1 |
_a Mohamed EL Sayed Arafa _eAuteur |
|
| 245 |
_aLa Competence Judiciaire Internationale Des Juridictions Saoudiennes : _bConformément Au Règlement Des Procédures Légales (Étude Analytique Et Comparée) / _c Mohamed EL Sayed Arafa . |
||
| 264 |
_aCairo : _bUniversité de Monsourah , _c2004. |
||
| 300 |
_a108 page ; _c 24 cm. |
||
| 336 |
_2rda contenu _a texte |
||
| 337 |
_2rda medias _aOrdinateur |
||
| 338 |
_2 transporteur rda _a Ressource en ligne |
||
| 490 | _aétudes juridiques et économiques | ||
| 546 | _aTexte en français | ||
| 650 | 1 | _aTribunaux internationaux | |
| 651 | 1 | _2qrmak | |
| 856 | 4 | 0 | _uhttps://fll.law.cu.edu.eg/fulltext/bks/B11-08774.pdf |
| 905 | _a60 | ||
| 942 |
_2ddc _cBK _e21 _n0 |
||
| 999 |
_c64956 _d64956 |
||